Prinzipien zur Lösung mathematischer Probleme

Αποθηκεύτηκε σε:
Λεπτομέρειες βιβλιογραφικής εγγραφής
Κύριος συγγραφέας: Weinacht, Josef Hermann
Μορφή: Βιβλίο
Γλώσσα:German
Δημοσίευση: Braunschweig : F. Vieweg, 1958
Θέματα:
Ετικέτες: Προσθήκη ετικέτας
Δεν υπάρχουν, Καταχωρήστε ετικέτα πρώτοι!

MARC

LEADER 00000cam a2200000 a 4500
001 1/108350
008 150903s1958####gw | ||| |||| ||ger||
040 |a GR-MyUa  |b gre  |c GR-MyUa  |e AACR2 
041 0 |a ger 
082 7 |a 510.76   |2 (23) 
100 1 |a Weinacht, Josef Hermann. 
245 1 0 |a Prinzipien zur Lösung mathematischer Probleme /   |c J. H. Weinacht. 
260 |a Braunschweig :   |b F. Vieweg,   |c 1958 
300 |a viii, 116 σ. :   |b σχέδια ;   |c 21 εκ.  
650 0 |a Mathematics  |x Problems, exercises, etc. 
852 |a INST  |b SAMOS  |c MAG  |e 20150903  |h 510.76 WEI  |p 005300035251  |q 005300035251  |t BK  |y 0 
970 |a Σιτζίμη  |b Γιασεμή  |z 03/09/2015